000
00499nam a2200169Ia 4500
008
090711s9999 xx 000 0 und d
082
_b
77518
100
_a
पाटील नेताजी
245
_a
अनोळखी पक्षी
260
_c
1994
300
_a
62
600
_a
पाटील नेताजी
630
_a
अनोळखी पक्षी
700
_a
पाटील नेताजी
730
_a
अनोळखी पक्षी
942
_c
BOOK
999
_c
291614
_d
291614